000 00291nam a22001217a 4500
008 180418b xxu||||| |||| 00| 0 eng d
041 _aeng
080 _a10702
100 _a0
101 _aBTH
245 _aQENDËR TREGTARE E INTEGRUAR ME STRUKTURË PARKIMI
_cRashiti, B
942 _2udc
_cBK
999 _c45288
_d45288